| 000 | 01016nam a2200301 i 4500 | ||
|---|---|---|---|
| 001 | bgj | ||
| 100 | 1 |
_aCarter, Ronald _d(1947- ). |
|
| 245 | 1 | 0 |
_aVocabulary and language teaching / _cRonald Carter and Michael McCarthy. |
| 250 | _a[3rd impr.]. | ||
| 260 |
_aLondon : _bLongman, _c1989. |
||
| 300 |
_aXII, 242 pp ; _c22 cm. |
||
| 490 | 1 | _aApplied Linguistics and Language Study / Christopher N. Cardlin, general editor | |
| 500 | _a1st published 1988. | ||
| 504 | _aBibliography p. 221-236. | ||
| 505 | _aIncludes index. | ||
| 650 | 9 |
_aLanguage and languages _xStudy and teaching |
|
| 650 | 9 |
_aVocabulary _xStudy and teaching |
|
| 650 | 9 | _aLanguage acquisition | |
| 700 | 1 | _aMcCarthy, Michael. | |
| 700 | 1 |
_aCandlin, Christopher N. _eRed. |
|
| 830 | 0 | _aApplied Linguistics and Language Study (Christopher N. Cardlin, general editor) | |
| 020 | _a0582553822 (pbk) | ||
| 040 | _cBPK | ||
| 041 | 0 | _aeng | |
| 920 | _a0-582-55382-2 (pbk) | ||
| 942 | _cKS | ||
| 008 | s uk f |000 0 eng | ||
| 999 |
_c49360 _d49360 |
||
| 856 |
_uhttp://koha.tu.koszalin.pl/cgi-bin/koha/opac-detail.pl?biblionumber=49360 _yKatalog online BPK |
||